000 01151nam0a22002891 4500
001 rc\4258088
005 20250612031813.0
021 _aRU
_b[60-40406]
035 _a(NLR Aleph) 008480395
090 _a7986525
_c7986525
100 _a20130416d1960 |||y0rusy50 ca
101 0 _arus
102 _aRU
105 _aa z |||||
200 1 _aПути повышения урожайности яровой пшеницы в Красноярском крае
210 _aКрасноярск
_cКн. изд-во
_d1960
215 _a91 с.
_cил.
_d20
300 _aПеред загл. авт.: А.Т. Белозоров и К.В. Дергачев, кандидаты с.-х. наук
320 _aБиблиогр. в конце книги (28 назв.)
606 _aПшеница яровая
_xВозделывание
_yКрасноярский край
_2psbo
700 1 _aБелозоров
_bА.Т.
_gАлексей Тихонович
701 1 _aДергачев
_bК.В.
_gКонстантин Васильевич
801 0 _aRU
_bNLR
_gpsbo
801 1 _aRU
_bELAR
_2rusmarc
852 _aNLR
_j60-4/7665
942 _cBOOK
980 _aNB